El circo / (Registro nro. 6467)
[ vista simple ]
| 000 -CABECERA | |
|---|---|
| campo de control de longitud fija | 00792nam a22002297a 4500 |
| 008 - CÓDIGOS DE INFORMACIÓN DE LONGITUD FIJA | |
| fixed length control field | 200210b19921988ck a||||r|||| 00| 0 spa d |
| 040 ## - Fuente de catalogación | |
| Agencia original de catalogación | CO-JMCR |
| Agencia de transcripción | CO-JMCR |
| 041 ## - CÓDIGO DE LENGUA | |
| Código idioma | spa |
| Language code of original | eng |
| 082 ## - NÚMERO DE LA CLASIFICACIÓN DECIMAL DEWEY | |
| Número de clasificación Decimal | C / |
| Número de documento (Cutter) | PARc |
| 100 1# - PUNTO DE ACCESO PRINCIPAL-NOMBRE DE PERSONA | |
| Nombre personal | Paré, Roger, |
| Término de función/relación | autor |
| 9 (RLIN) | 330 |
| 245 31 - TÍTULO PROPIAMENTE DICHO | |
| Título | El circo / |
| Mención de responsabilidad, etc. | Roger Paré ; con la colaboración de Bertrand Gauthier ; traducción y adaptación Camarero Gil |
| 260 ## - PUBLICACIÓN, DISTRIBUCIÓN, ETC. (PIE DE IMPRENTA) | |
| Lugar de publicación, distribución, etc. | Medellín : |
| Nombre del editor, distribuidor, etc. | Susaeta, |
| Fecha de publicación, distribución, etc. | c1992 |
| 300 ## - DESCRIPCIÓN FÍSICA | |
| Extensión | [20] páginas : |
| Otros detalles físicos | ilustraciones a color ; |
| Dimensiones | 21x22 cm. |
| 440 ## - SERIES | |
| Titulo | Colección ; Los placeres |
| 9 (RLIN) | 331 |
| 546 ## - LANGUAGE NOTE | |
| Language note | Plaisirs de cirque |
| 650 14 - TÉRMINO DE MATERIA | |
| 9 (RLIN) | 332 |
| 650 14 - TÉRMINO DE MATERIA | |
| 9 (RLIN) | 333 |
| 700 1# - AUTOR SECUNDARIO - PERSONA | |
| Nombre de persona | Gauthier, Bertrand, |
| 9 (RLIN) | 334 |
| 700 1# - AUTOR SECUNDARIO - PERSONA | |
| Nombre de persona | Gil, Camarero, |
| 9 (RLIN) | 335 |
| Withdrawn status | Lost status | Source of classification or shelving scheme | Damaged status | Not for loan | Home library | Current library | Shelving location | Date acquired | Source of acquisition | Cost, normal purchase price | Total Checkouts | Total Renewals | Full call number | Barcode | Date last seen | Date last checked out | Copy number | Price effective from | Koha item type |
|---|---|---|---|---|---|---|---|---|---|---|---|---|---|---|---|---|---|---|---|
| Dewey Decimal Classification | Biblioteca Pública José María del Castillo y Rada | Biblioteca Pública José María del Castillo y Rada | Processing Center | 12/19/2019 | Donación | 0.00 | 7 | 3 | C / PARc | 201809695 | 01/14/2026 | 01/14/2026 | Ej.1 | 02/10/2020 | Books |